000 00706nam a2200229Ia 4500
001 8494
003 GE_BSU
008 181216s||||||||xx |||||||||||||| ||und||
040 _cGE_BSU
080 _a821.353.1-1
100 _aზოიძე,შოთა.
245 _aსიახლოვე.
245 _bლექსები.
245 _cრედ:ჯემალ ჯაყელი;მხატვ:ე.ბოლქვაძე.
260 _aთბილისი.
260 _bსაბჭ.საქართველო
260 _c1968.
300 _a20გვ;1ფ.პორტრ;15სმ.
653 _aლექსები.
653 _aსიახლოვე.
942 _cBK
999 _c41811
_d41811